Libertad bajo condición
Gardado en:
| Autor Principal: | |
|---|---|
| Outros autores: | , |
| Formato: | Unknown |
| Idioma: | inglés |
| Publicado: |
Santiago, Chile:
Ediciones Jurídicas de Santiago,
2021
|
| Edición: | Primera edición |
| Subjects: | |
| Tags: |
Engadir etiqueta
Sen Etiquetas, Sexa o primeiro en etiquetar este rexistro!
|
MARC
| LEADER | 00000 a2200000 4500 | ||
|---|---|---|---|
| 003 | CL-VaPUC | ||
| 005 | 20221213112350.0 | ||
| 008 | 211105b2021 ||||| |||| 00| 0 eng d | ||
| 999 | |c 433849 |d 433847 | ||
| 020 | |a 9789566053866 | ||
| 040 | |c Pontificia Universidad Católica de Valparaíso | ||
| 082 | 0 | 4 | |2 21 |a 364.63 SIL 2021 |
| 100 | 1 | |a Silva Montes, Rodrigo |9 863835 |e autor | |
| 245 | 1 | 0 | |a Libertad bajo condición |
| 250 | |a Primera edición | ||
| 260 | |a Santiago, Chile: |b Ediciones Jurídicas de Santiago, |c 2021 | ||
| 300 | |a 223 páginas | ||
| 583 | |k Cristina María Rojas Aguilar |c 20211105 | ||
| 650 | 1 | 0 | |a Libertad condicional |x Derecho procesal penal |9 371909 |
| 650 | 1 | |a Libertad condicional |x Historia del derecho |9 866050 | |
| 700 | |a Martínez Lavín, María Oriana |9 864075 |e autora | ||
| 700 | |a Correa Selamé, Jorge Danilo |e prólogo |9 864076 | ||
| 942 | |2 ddc |c BK | ||
| 952 | |0 0 |1 0 |2 ddc |4 0 |6 364_630000000000000_SIL_2021 |7 0 |8 A |9 579138 |a BIBDER |b BIBDER |d 2021-11-02 |e 22 |g 29750.00 |i 5625041 |l 3 |m 1 |o 364.63 SIL 2021 |p 5625041 |r 2024-11-26 |s 2024-11-08 |t 1 |v 29750.00 |w 2021-11-02 |y BK |k DER | ||